000
00209 a2200109 4500
020
_a
9781452128825
041
_a
eng
100
_a
Elizabeth May
245
_a
The Vanishing Throne
942
_c
BK
952
_7
1
999
_c
21611
_d
21611